[Event "RSA-ch U08"]
[Site "Gauteng"]
[Date "2017.04.11"]
[Round "11"]
[White "Govender, Kaedan"]
[Black "Nair, Chaitan"]
[Result "1-0"]
[WhiteElo "970"]
[BlackElo "500"]
[PlyCount "43"]
[EventDate "2017.04.05"]
[EventType "swiss"]
[EventRounds "11"]
[EventCountry "RSA"]
[SourceTitle "CBM 177 Extra"]
[Source "ChessBase"]
[SourceDate "2017.04.27"]
[SourceVersion "1"]
[SourceVersionDate "2017.04.27"]
[SourceQuality "1"]

1. e4 c5 2. Nf3 g6 3. d4 cxd4 4. Nxd4 Bg7 5. Nc3 Nf6 6. Nb3 0-0 7. Be2 d6 8. Be3 Nc6 9. 0-0 Bd7 10. f4 Rb8 11. a4 Qc8 12. Kh1 Ng4 13. Bg1 Nf6 14. Qd2 b6 15. Rad1 Bg4 16. Bxg4 Nxg4 17. f5 Bh6 18. Qe2 Nge5 19. Nd4 e6 20. Nf3 Qd7 21. f6 Rfe8 22. Ng5 1-0

[Event "RSA-ch U08"]
[Site "Gauteng"]
[Date "2017.04.08"]
[Round "6"]
[White "Liang, Yi Xuan"]
[Black "Nair, Chaitan"]
[Result "1/2-1/2"]
[WhiteElo "571"]
[BlackElo "500"]
[PlyCount "34"]
[EventDate "2017.04.05"]
[EventType "swiss"]
[EventRounds "11"]
[EventCountry "RSA"]
[SourceTitle "CBM 177 Extra"]
[Source "ChessBase"]
[SourceDate "2017.04.27"]
[SourceVersion "1"]
[SourceVersionDate "2017.04.27"]
[SourceQuality "1"]

1. d4 c5 2. dxc5 Qa5+ 3. Bd2 Qxc5 4. e3 g6 5. Be2 Bg7 6. Nf3 Nf6 7. 0-0 0-0 8. b4 Qc7 9. Nc3 d6 10. Nb5 Qd8 11. Ng5 Nc6 12. Bc3 Bd7 13. Bc4 Bg4 14. f3 Qd7 15. fxg4 Qxg4 16. Qxg4 Nxg4 17. Bxg7 Kxg7 1/2-1/2

[Event "RSA-ch U08"]
[Site "Gauteng"]
[Date "2017.04.08"]
[Round "7"]
[White "Nair, Chaitan"]
[Black "Voigt, Daniel"]
[Result "0-1"]
[WhiteElo "500"]
[BlackElo "735"]
[PlyCount "42"]
[EventDate "2017.04.05"]
[EventType "swiss"]
[EventRounds "11"]
[EventCountry "RSA"]
[SourceTitle "CBM 177 Extra"]
[Source "ChessBase"]
[SourceDate "2017.04.27"]
[SourceVersion "1"]
[SourceVersionDate "2017.04.27"]
[SourceQuality "1"]

1. c4 e5 2. g3 Nf6 3. Bg2 Nc6 4. Nf3 d5 5. cxd5 Nxd5 6. 0-0 Nb6 7. d3 Be7 8. Nc3 0-0 9. Bd2 Re8 10. Qc1 Nd4 11. Nxe5 Bf6 12. Nf3 Rxe2 13. Nxe2 Nxe2+ 14. Kh1 Nxc1 15. Raxc1 h6 16. Rc2 Bg4 17. Bc3 Qxd3 18. Ne1 Qd1 19. Nf3 Qxc2 20. Be1 Qxb2 21. Ng5 hxg5 0-1